Top 15 des pays avec les décès de Covid-19 - 26 juillet - Statistiques

Statistiques générales
  • Ce quiz a été pris 38 fois
  • Le résultat moyen est 13 sur 20
Statistiques - réponses
pays % Correct
France
100%
Etats-Unis
97%
Espagne
91%
Russie
91%
Allemagne
83%
Brésil
83%
Italie
80%
Mexique
80%
Royaume-Uni
80%
Canada
77%
Inde
77%
Suède
60%
Belgique
51%
Chili
46%
Pays-Bas
46%
Pérou
43%
Iran
40%
Irlande
40%
Équateur
20%
Panama
11%
Aucun quiz correspondant
Distribution des résultats
% des personnes avec chaque résultat
Percentile par nombre de réponses
Votre historique - résultats
Vous n’avez pas pris ce quiz